Loading...
| History - American History | 0 | 4 | 0 | 0 | 40 | 58 | 82.25 | 1 | 3 |
| Fine Arts - Other Fine Arts | 0 | 4 | 0 | 2 | 40 | 61 | 99.00 | 1 | 2 |
| History - World History | 0 | 3 | 0 | 0 | 30 | 59 | 74.00 | 1 | 1 |
| Geography/Current Events | 0 | 3 | 0 | 1 | 30 | 48 | 94.33 | 0 | 2 |
| History - European History | 0 | 3 | 0 | 1 | 30 | 29 | 88.67 | 1 | 3 |
| History - Other History | 0 | 3 | 0 | 2 | 30 | 80 | 112.67 | 0 | 0 |
| Religion | 0 | 3 | 0 | 0 | 30 | 88 | 93.00 | 0 | 3 |
| Literature - American Literature | 0 | 2 | 0 | 0 | 20 | 80 | 85.00 | 1 | 1 |
| Science - Other Science | 0 | 2 | 1 | 1 | 15 | 70 | 91.00 | 0 | 0 |
| Fine Arts - Visual Fine Arts | 0 | 1 | 0 | 0 | 10 | 84 | 84.00 | 0 | 0 |
| Mythology | 0 | 1 | 0 | 0 | 10 | 38 | 38.00 | 0 | 1 |
| Literature - British Literature | 0 | 1 | 0 | 0 | 10 | 123 | 123.00 | 0 | 0 |
| Philosophy | 0 | 1 | 0 | 1 | 10 | 122 | 122.00 | 0 | 0 |
| Pop Culture | 0 | 1 | 0 | 0 | 10 | 7 | 7.00 | 1 | 1 |
| Science - Biology | 0 | 1 | 0 | 1 | 10 | 136 | 136.00 | 0 | 0 |
| Social Science | 0 | 1 | 1 | 0 | 5 | 88 | 88.00 | 0 | 0 |
| Literature - World/Other Literature | 0 | 1 | 1 | 0 | 5 | 116 | 116.00 | 0 | 0 |
| Other Academic | 0 | 1 | 1 | 0 | 5 | 42 | 42.00 | 0 | 1 |
| Science - Physics | 0 | 0 | 1 | 0 | -5 | 0.00 | 0 | 0 |